| 000 | 00782nac a22002051u 4500 | ||
|---|---|---|---|
| 020 | _a9780070633780 : | ||
| 020 | _a0070633789 : | ||
| 082 | 0 | 0 |
_a658.562 _bNAN |
| 090 |
_c9707 _d9707 |
||
| 100 | _aNandyal, Raghav S. | ||
| 245 | 1 | 0 |
_aMaking Sense of Software Quality Assurance : Gainig from Quality Audits and Assessments / _cRaghav S. Nandyal. |
| 260 |
_aNew Delhi ; _bTata McGraw- Hill,2007. _cc2007. |
||
| 300 |
_axxv, 350 p. : _bill. ; _c24 cm. |
||
| 500 | _aDistributer: Al-Ahram. | ||
| 504 | _aIncludes bibliographical references and index. | ||
| 511 | _aCatalogued by: Sara. | ||
| 650 | 0 | _aQuality control. | |
| 942 |
_cBB _k658.562NAN |
||
| 999 |
_c9707 _d9707 |
||